Facultad de Derecho – Universidad Nacional de Mar del Plata

Derecho registral aplicado (Record no. 2052)

MARC details
000 -LEADER
fixed length control field 00695cam a22002537a 4500
001 - CONTROL NUMBER
control field 002061
003 - CONTROL NUMBER IDENTIFIER
control field armpunfd
005 - DATE AND TIME OF LATEST TRANSACTION
control field 20140612090657.0
008 - FIXED-LENGTH DATA ELEMENTS--GENERAL INFORMATION
fixed length control field 061107e2006#xx#a##########000#0##nd#d
020 ## - INTERNATIONAL STANDARD BOOK NUMBER
International Standard Book Number 9875921270
040 ## - CATALOGING SOURCE
Original cataloging agency armpunfd
Transcribing agency armpunfd
080 ## - UNIVERSAL DECIMAL CLASSIFICATION NUMBER
Universal Decimal Classification number 347.961 G 165
100 10 - MAIN ENTRY--PERSONAL NAME
Personal name Garcia Coni, Raul R.
245 10 - TITLE STATEMENT
Title Derecho registral aplicado
260 ## - PUBLICATION, DISTRIBUTION, ETC. (IMPRINT)
Place of publication, distribution, etc Buenos Aires :
Name of publisher, distributor, etc Lexisnexis,
Date of publication, distribution, etc 2006.
300 ## - PHYSICAL DESCRIPTION
Extent 248 p.
650 #7 - SUBJECT ADDED ENTRY--TOPICAL TERM
Topical term or geographic name as entry element Contencioso Registral
Source of heading or term LEMB
650 #7 - SUBJECT ADDED ENTRY--TOPICAL TERM
Topical term or geographic name as entry element Derecho Registral Inmobiliario
Source of heading or term LEMB
650 #7 - SUBJECT ADDED ENTRY--TOPICAL TERM
Topical term or geographic name as entry element Derecho Registral
Source of heading or term LEMB
700 10 - ADDED ENTRY--PERSONAL NAME
Personal name Frontini, Angel A.
942 ## - ADDED ENTRY ELEMENTS (KOHA)
Koha item type
Source of classification or shelving scheme
945 ## - LOCAL PROCESSING INFORMATION (OCLC)
a Catalis
d 2010-08-19
945 ## - LOCAL PROCESSING INFORMATION (OCLC)
a sa
d 2013-05-13
Holdings
Withdrawn status Lost status Source of classification or shelving scheme Damaged status Not for loan Home library Current library Shelving location Date acquired Total Checkouts Total Renewals Full call number Barcode Checked out Date last seen Date checked out Price effective from Koha item type
          Bib. Derecho Bib. Derecho Sector Prestamo 12/06/2014 10 4 347.961 G 165 202039 14/11/2019 07/10/2019 07/10/2019 12/06/2014 LIBRO
          Bib. Derecho Bib. Derecho Sala de Lectura 12/06/2014 1   347.961 G 165 201955   16/10/2019 07/10/2019 12/06/2014 LIBRO

XHTML | CSS | ©Biblioteca Central - Dto. Tecnología de la Información - [ Con tecnología Koha ]